Music Quiz

Random Music or Rock Quiz
Score 0/20 Timer 06:00
1 Play Today
% Correct
I'm Jumpin' Jack Flash, it's a gas, gas, gas!
92%
You get what you need.
91.3%
Gimme, gimme, gimme the honky tonk blues
88.3%
Don't hang around, 'cause two's a crowd.
86.4%
My back is broad but it's a-hurting.
85.2%
Still, I'm gonna miss you.
84.6%
Stole many a man's soul to waste.
83.6%
I'm just waiting on a friend.
83.5%
Get your kicks on Route 66.
82.5%
'Cause you see I'm on a losing streak.
77.9%
% Correct
There's just no place for a street fighting man.
77.5%
They can't say we never tried.
77.1%
Well love is love and not fade away.
73.4%
It's not easy facin' up when your whole world is black.
73.1%
War, children, it's just a shot away.
68.4%
Your eyes are edged with tears.
66.7%
Would you think the boy's insane?
65%
What a drag it is getting old.
62.9%
Wild horses couldn't drag me away.
62.4%
She's a mean, mean machine.
59.8%
Remove Ads.
Support Sporcle.
Get the best of Sporcle when you Go Orange. This ad-free experience offers more features, more stats, and more fun while also helping to support Sporcle. Thank you for becoming a member.

You're not logged in!

Compare scores with friends on all Sporcle quizzes.
OR
Log In

Show Comments

Extras

Top Quizzes Today


Score Distribution

Your Account Isn't Verified!

In order to create a playlist on Sporcle, you need to verify the email address you used during registration. Go to your Sporcle Settings to finish the process.

Report this User

Report this user for behavior that violates our Community Guidelines.

Details: